书目信息 |
| 题名: |
水环境信息学
|
|
| 作者: | 李欣 , 袁一星 , 宋学峰 编著 | |
| 分册: | ||
| 出版信息: | 哈尔滨 哈尔滨工业大学出版社 2004.02 |
|
| 页数: | 209页 | |
| 开本: | 23cm | |
| 丛书名: | 市政与环境工程系列丛书 | |
| 单 册: | ||
| 中图分类: | X143 | |
| 科图分类: | ||
| 主题词: | 水环境--shui huan jing--环境管理--计算机应用 | |
| 电子资源: | ||
| ISBN: | 7-5603-1978-5 | |
| 000 | 01127nam 2200301 450 | |
| 001 | 012006709343 | |
| 005 | 20070611101422.59 | |
| 010 | @a7-5603-1978-5@dCNY18.80 | |
| 100 | @a20061210d2004 km y0chiy0120 ea | |
| 101 | 0 | @achi |
| 102 | @aCN@b230000 | |
| 105 | @aa a 000yy | |
| 200 | 1 | @a水环境信息学@Ashui huan jing xin xi xue@f李欣 … [等] 编著@Fli xin…[deng]bian zhu |
| 210 | @a哈尔滨@c哈尔滨工业大学出版社@d2004.02 | |
| 215 | @a209页@c图@d23cm | |
| 225 | 2 | @a市政与环境工程系列丛书@Ashi zheng yu huan jing gong cheng xi lie cong shu |
| 304 | @a编著还有:袁一星, 宋学峰, 齐晶瑶 | |
| 320 | @a有书目 (第208-209页)。 | |
| 330 | @a该书介绍了Internet上的水环境信息检索工具,Internet上的有关水环境内容数据库,Internet上的与排水环境相关的虚拟图书馆与电子期刊等内容。 | |
| 333 | @a环境工程、市政工程及相关专业者。 | |
| 410 | 0 | @12001 @a市政与环境工程系列丛书 |
| 606 | 0 | @a水环境@Ashui huan jing@x环境管理@x计算机应用 |
| 690 | @aX143@v4 | |
| 701 | 0 | @a李欣@Ali xin@4编著 |
| 701 | 0 | @a袁一星@Ayuan yi xing@4编著 |
| 701 | 0 | @a宋学峰@Asong xue feng@4编著 |
| 801 | 0 | @aCN@c20070611 |
| 905 | @a10447@dX143@eL305 | |
| 水环境信息学/李欣 … [等] 编著.-哈尔滨:哈尔滨工业大学出版社,2004.02 |
| 209页:图;23cm.-(市政与环境工程系列丛书) |
| 使用对象:环境工程、市政工程及相关专业者。 |
| ISBN 7-5603-1978-5:CNY18.80 |
| 该书介绍了Internet上的水环境信息检索工具,Internet上的有关水环境内容数据库,Internet上的与排水环境相关的虚拟图书馆与电子期刊等内容。 |
| ● |
| 相关链接 |
|
|
|
正题名:水环境信息学
索取号:X143/L305
 
预约/预借
| 序号 | 登录号 | 条形码 | 馆藏地/架位号 | 状态 | 备注 |
| 1 | 231113 | 202311131 | 自科库501/501自科库 62排5列2层/ [索取号:X143/L305] | 在馆 | |
| 2 | 231114 | 202311140 | 自科库501/501自科库 62排5列2层/ [索取号:X143/L305] | 在馆 | |
| 3 | 231115 | 202311159 | 期刊室512/501自科库 62排5列2层/ [索取号:X143/L305] | 在馆 |